000
00282nam a22001337a 4500
008
170612b xxu||||| |||| 00| 0 eng d
020
_a
0813314771
041
_a
eng
080
_a
93
100
_a
19
101
_a
SHP
245
_a
RURAL COMMUNITIES
_c
BUTLER, C
942
_2
udc
_c
BK
999
_c
17032
_d
17032